00465nam a22001457a 4500008004100000020001800041050002600059100002400085245007500109260004400184300002600228500002300254650001600277700002600293150608b xxu||||| |||| 00| 0 eng d a9789715846684 aPL 6162.3 bB171 2008 aCruz, Emerlinda G.  aFlorante at laura ni balagtas /cEmerlinda G. Cruz ; Rogelio Mangahas  aQuezon CitybC&E Publishing Inc.cc2008 a232 p.bill.,c25 cm. aIncludes glossary. aLiterature  aMangahas, Rogelio G.